| 000 | 00744nam a2200217Ia 4500 | ||
|---|---|---|---|
| 003 | GCL | ||
| 008 | 140319s9999 xx 000 0 ara d | ||
| 040 |
_aGCL / _cGCL |
||
| 082 | 0 | 4 |
_a21427 _bم ت |
| 100 | 1 | _aمحمود على حماية (تقديم) | |
| 245 | 1 | 0 |
_aتحفة الاريب فى الرد على اهل الصليب / _cمحمود على حماية (تقديم) |
| 700 | 1 | _aتورميدا، القس انسلم | |
| 700 | 1 | _aالشهير بعبدالله الترجمان الاند | |
| 260 |
_a[S.N] : _bدار المعارف ، _c1992 |
||
| 300 | _a148 ص | ||
| 490 | _a | ||
| 650 | 0 | 4 | _aالاسلام |
| 650 | 0 | 4 | _aالاسلام والمسيحية |
| 650 | 0 | 4 | _aالديانات المقارنة |
| 942 |
_2ddc _cBK |
||
| 999 |
_c54690 _d54690 |
||